Desarrollo de aplicación Web para el control de los procesos del registro nacional del INFIM de la Comisión Nacional de Microfinanzas (CONAMI)

El presente trabajo se plantea desarrollar una aplicación Web para el control de los procesos del Resisto Nacional de IFIM de la de la Comisión Nacional de Microfinanzas (CONAMI).

Bibliographic Details
Main Author: Rojas Cereceda, Bertín
Other Authors: Tutor: Chávez Mairena, Luis Eduardo
Format: Tesis Section = Libro
Language:Undetermined
Spanish
Published: Managua UNI 2021
Subjects:
LEADER 01046nam a2200265Ia 4500
008 240830s9999 xx 000 0 und d
040 |a BIBLIOTECA-RUSB/ Mon 005.74 R741 
041 |a spa 
082 |a Mon 005.74 R741 
100 1 |a Rojas Cereceda, Bertín 
245 1 0 |a Desarrollo de aplicación Web para el control de los procesos del registro nacional del INFIM de la Comisión Nacional de Microfinanzas (CONAMI) 
260 |a Managua  |b UNI  |c 2021 
300 |a 237 p. :il. 
500 |a Incluye anexos y CD. 
502 |a Tesis (Ingeniero en Computación) - UNI, 2018. 
520 3 |a El presente trabajo se plantea desarrollar una aplicación Web para el control de los procesos del Resisto Nacional de IFIM de la de la Comisión Nacional de Microfinanzas (CONAMI). 
650 7 |a APLICACIÓN WEB 
650 7 |b  SERVICIOS WEB 
650 7 |c  LENGUAJE DE PROGRAMACIÓN 
650 7 |d  REGISTRO NACIONAL 
650 7 |e  BASES DE DATOS 
700 1 |a Tutor:  |b Chávez Mairena, Luis Eduardo 
942 |c BK  |2 ddc 
991 |a TESIS 
999 |c 22181